<?xml version="1.0" encoding="UTF-8"?>
<marc:record xmlns:marc="http://www.loc.gov/MARC21/slim">
   <marc:leader>00000nam a2200000 a 4500</marc:leader>
   <marc:datafield ind1="1" ind2=" " tag="100">
      <marc:subfield code="a">Schwarz-Schlöglmann, Maria</marc:subfield>
      <marc:subfield code="4">edt</marc:subfield>
      <marc:subfield code="e">Bearbeiter/-in</marc:subfield>
   </marc:datafield>
   <marc:datafield ind1="1" ind2=" " tag="100">
      <marc:subfield code="a">Ulrich, Silvia</marc:subfield>
      <marc:subfield code="4">edt</marc:subfield>
      <marc:subfield code="e">Bearbeiter/-in</marc:subfield>
   </marc:datafield>
   <marc:datafield ind1=" " ind2=" " tag="653">
      <marc:subfield code="a">Häusliche Gewalt</marc:subfield>
   </marc:datafield>
   <marc:datafield ind1=" " ind2=" " tag="653">
      <marc:subfield code="a">Prävention</marc:subfield>
   </marc:datafield>
   <marc:datafield ind1=" " ind2=" " tag="653">
      <marc:subfield code="a">Recht</marc:subfield>
   </marc:datafield>
   <marc:datafield ind1=" " ind2=" " tag="653">
      <marc:subfield code="a">Softcover / Soziologie/Frauenforschung</marc:subfield>
   </marc:datafield>
   <marc:datafield ind1=" " ind2=" " tag="653">
      <marc:subfield code="a">Geschlechterforschung</marc:subfield>
   </marc:datafield>
   <marc:datafield ind1=" " ind2=" " tag="653">
      <marc:subfield code="a">Konferenzschrift</marc:subfield>
   </marc:datafield>
   <marc:datafield ind1=" " ind2=" " tag="653">
      <marc:subfield code="a">Kongress</marc:subfield>
   </marc:datafield>
   <marc:datafield ind1="0" ind2="0" tag="245">
      <marc:subfield code="a">Aktuelle Entwicklungen im Gewaltschutz</marc:subfield>
   </marc:datafield>
   <marc:datafield ind1="0" ind2="0" tag="245">
      <marc:subfield code="c">Fachtagung Aktuelle Entwicklungen im Gewaltschutz an der Johannes-Kepler-Universität Linz]. Maria Schwarz-Schlöglmann ; Silvia Ulrich (Hrsg.)</marc:subfield>
   </marc:datafield>
   <marc:datafield ind1=" " ind2="1" tag="264">
      <marc:subfield code="a">Linz</marc:subfield>
      <marc:subfield code="b">Trauner</marc:subfield>
      <marc:subfield code="c">2014</marc:subfield>
   </marc:datafield>
   <marc:datafield ind1="1" ind2=" " tag="490">
      <marc:subfield code="a">Linzer Schriften zu Gender und Recht</marc:subfield>
      <marc:subfield code="v">55</marc:subfield>
   </marc:datafield>
   <marc:datafield ind1="1" ind2=" " tag="520">
      <marc:subfield code="a">Angaben aus der Verlagsmeldung

Aktuelle Entwicklungen im Gewaltschutz, Linzer Schriften zu Gender und Recht, Band 55 / von Maria Schwarz-Schlöglmann, Silvia Ulrich

&lt;div&gt;Das Institut für Legal Gender Studies und das Gewaltschutzzentrum Oberösterreich veranstalteten am 13. Oktober 2014 die Fachtagung „Aktuelle Entwicklungen im Gewaltschutz“ an der Johannes Kepler Universität Linz.&lt;/div&gt;

&lt;div&gt;&amp;nbsp;&lt;/div&gt;

&lt;div&gt;Österreich steht nach der Ratifikation des &lt;em&gt;Europaratsübereinkommens zur Verhütung und Bekämpfung von Gewalt gegen Frauen und häuslicher Gewalt (Istanbul-Konvention)&lt;/em&gt; vor neuen rechtspolitischen Herausforderungen. Die Konvention verpflichtet die Vertragsstaaten zur Verwirklichung einer umfassenden Gewaltschutzstrategie unter Einbeziehung aller staatlichen und nichtstaatlichen Institutionen, die &lt;/div&gt;

&lt;div&gt;Gewaltschutzaufgaben wahrnehmen. Österreich hat die Konvention als einer der ersten Mitgliedstaaten des Europarates ratifiziert und im September 2014 einen &lt;em&gt;Nationalen Aktionsplan zum Schutz von Frauen vor Gewalt&lt;/em&gt; verabschiedet, der als politische Roadmap zur Umsetzung der Schutz- und Gewährleistungspflichten der Istanbul-Konvention dient. Die Tagung sollte eine kritische Reflexion dieser Entwicklung mit Expertinnen und Experten aus den unterschiedlichsten Fachbereichen ermöglichen.&lt;/div&gt;
</marc:subfield>
   </marc:datafield>
   <marc:datafield ind1=" " ind2=" " tag="020">
      <marc:subfield code="a">9783990334515</marc:subfield>
      <marc:subfield code="9">9783990334515</marc:subfield>
   </marc:datafield>
   <marc:datafield ind1=" " ind2=" " tag="041">
      <marc:subfield code="a">ger</marc:subfield>
   </marc:datafield>
   <marc:datafield ind1=" " ind2=" " tag="300">
      <marc:subfield code="a">X, 211, 11 S.</marc:subfield>
   </marc:datafield>
</marc:record>
